TV by Coasters Quiz Stats

 Plays Quiz Updated Mar 20, 2016

Also try: TV by T-Shirt
Challenge
Share
Tweet
Score 0/24 Timer 07:00
1 Play Today
% Correct
South Park
96.4%
SpongeBob SquarePants
96.2%
The New Adventures of Winnie the Pooh
96%
Sesame Street
95.9%
The Flintstones
95.1%
The Charlie Brown and Snoopy Show
94%
Teenage Mutant Ninja Turtles
93.6%
Friends
93.5%
House, M.D.
93.4%
The Muppet Show
93.1%
The Golden Girls
89.5%
Sex and the City
88.5%
% Correct
I Love Lucy
87.5%
Game of Thrones
86.7%
The Simpsons
86.1%
Seinfeld
86%
Breaking Bad
84.6%
Doctor Who
82.8%
The X-Files
79.2%
The Flash
77.1%
How I Met Your Mother
73.7%
Prison Break
60.7%
The Walking Dead
56.1%
The Big Bang Theory
39.8%

You're not logged in!

Compare scores with friends on all Sporcle quizzes.
OR
Log In

You Might Also Like...

Show Comments

Extras

Top Quizzes Today


Score Distribution

Your Account Isn't Verified!

In order to create a playlist on Sporcle, you need to verify the email address you used during registration. Go to your Sporcle Settings to finish the process.

Report this User

Report this user for behavior that violates our Community Guidelines.

Details: